| 000 | 01469cam a22003612 4500 | ||
|---|---|---|---|
| 001 | 0000007473 | ||
| 005 | 20151217161137.0 | ||
| 008 | 080206s xx 000 0 eng d | ||
| 020 | _cKES | ||
| 040 |
_aKABU _cKABU |
||
| 110 | 2 |
_aKenya. _@0000150215 |
|
| 245 | 1 | 0 |
_aLaws of Kenya : _b[ in force on 31st December, 2004] / |
| 260 |
_aNairobi : _bLaw Africa, _c2005. |
||
| 300 | _a 15 v. | ||
| 650 | 0 |
_aLaw _zKenya. _@0000153410 |
|
| 908 | _a080206 | ||
| 950 | _@1 | ||
| 999 |
_c15031 _d15031 |
||